Southville International School and Colleges
Your cart is empty.
  • Cart
  • Lists
    Public lists Eva Luna New books Lux_list list_1
    Your lists Log in to create your own lists
  • Log in to your account
  • Your cookies
  • Search history
Southville International School and Colleges
  • Advanced search
  • Recent comments
  • Most popular
  • Libraries

Log in to your account

Log in with GOOGLE


If you do not have an external account, but do have a local account, you can still log in:

  1. Home
  2. MARC view: Juices and smoothies for kids :
Normal view MARC view ISBD view

Juices and smoothies for kids : (Record no. 305233)

[ view plain ]
MARC details
000 -LEADER
fixed length control field 00691nam a2200253Ia 4500
008 - FIXED-LENGTH DATA ELEMENTS--GENERAL INFORMATION
fixed length control field 161112s9999 xx 000 0 und d
020 ## - INTERNATIONAL STANDARD BOOK NUMBER
International Standard Book Number 978-0-600-61496-8
050 ## - LIBRARY OF CONGRESS CALL NUMBER
Classification number CUL TX 840.B5
050 ## - LIBRARY OF CONGRESS CALL NUMBER
Item number .C76 2007
100 ## - MAIN ENTRY--PERSONAL NAME
Personal name Cross, Amanda.
245 #0 - TITLE STATEMENT
Title Juices and smoothies for kids :
245 #0 - TITLE STATEMENT
Remainder of title healthy recipes that children will love /
245 #0 - TITLE STATEMENT
Statement of responsibility, etc Amanda Cross.
260 ## - PUBLICATION, DISTRIBUTION, ETC. (IMPRINT)
Place of publication, distribution, etc Great Britain :
260 ## - PUBLICATION, DISTRIBUTION, ETC. (IMPRINT)
Name of publisher, distributor, etc Hamlyn,
260 ## - PUBLICATION, DISTRIBUTION, ETC. (IMPRINT)
Date of publication, distribution, etc 2007
300 ## - PHYSICAL DESCRIPTION
Extent 128 pages :
300 ## - PHYSICAL DESCRIPTION
Other physical details color illustrations ;
300 ## - PHYSICAL DESCRIPTION
Dimensions 26 cm.
500 ## - GENERAL NOTE
General note Includes index.
650 ## - SUBJECT ADDED ENTRY--TOPICAL TERM
Topical term or geographic name as entry element Children -- Nutrition.
650 ## - SUBJECT ADDED ENTRY--TOPICAL TERM
Topical term or geographic name as entry element Smoothies (Beverages).
650 ## - SUBJECT ADDED ENTRY--TOPICAL TERM
General subdivision Fruit juices -- Health aspects.
Holdings
Withdrawn status Lost status Damaged status Home library Current library Shelving location Date acquired Cost, normal purchase price Total Checkouts Full call number Barcode Date last seen Price effective from Koha item type
      South Mansfield College South Mansfield College   01/10/2008 1554.00   CUL TX 840.B5 .C76 2007 SMC03965 11/12/2016 11/12/2016  

Juices and smoothies for kids :

APA

Cross A., .Juices and smoothies for kids. Great Britain: .

Chicago

Cross Amanda, .Juices and smoothies for kids. Great Britain: .

Harvard

Cross A., .Juices and smoothies for kids. Great Britain: .

MLA

Cross Amanda, .Great Britain: . .

  • Place hold
  • Print
  • Cite
  • Add to your cart (remove)
  • Save record
    BIBTEX Dublin Core MARCXML MARC (non-Unicode/MARC-8) MARC (Unicode/UTF-8) MARC (Unicode/UTF-8, Standard) MODS (XML) RIS
  • More searches
    Search for this title in:
    Other Libraries (WorldCat) Other Databases (Google Scholar) Online Stores (Bookfinder.com) Open Library (openlibrary.org)

Exporting to Dublin Core...

SOUTHVILLE LIBRARY

Southville International School and Colleges Library

1281 Tropical Ave. Cor. Luxembourg St., BF Homes International, Las Pinas City

Tel. No. 8256374 / 252358 Loc. 117/146

Powered by Koha